书目信息 |
| 题名: |
R数据分析
|
|
| 作者: | 朱建平 , 姜叶飞 , 方匡南 编著 | |
| 分册: | ||
| 出版信息: | 北京 电子工业出版社 2015.02 |
|
| 页数: | 383页 | |
| 开本: | 24cm | |
| 丛书名: | ||
| 单 册: | ||
| 中图分类: | TP312R | |
| 科图分类: | ||
| 主题词: | 程序语言--cheng xu yu yan--程序设计 | |
| 电子资源: | ||
| ISBN: | 978-7-121-25290-7 | |
| 000 | 01147nam0 2200301 450 | |
| 001 | CAL 0120151504468 | |
| 005 | 20150806142441.14 | |
| 010 | @a978-7-121-25290-7@dCNY69.00 | |
| 100 | @a20150210d2015 em y0chiy50 ea | |
| 101 | 0 | @achi |
| 102 | @aCN@b110000 | |
| 105 | @aak a 000yy | |
| 106 | @ar | |
| 200 | 1 | @aR数据分析@ARshu ju fen xi@e方法与案例详解@f方匡南, 朱建平, 姜叶飞编著 |
| 210 | @a北京@c电子工业出版社@d2015.02 | |
| 215 | @a383页@c图@d24cm | |
| 312 | @a英文题名取自封面 | |
| 320 | @a有书目 | |
| 330 | @a本书是一本R语言和数据分析的入门教材, 循序渐进、深入浅出, 每个知识点尽量从实际的应用案例出发, 以问题为导向, 在解决问题中学习统计方法、R语言的基本使用以及编程技巧。本书内容涵盖R数据结构、函数与优化、抽样模拟、统计分析、假设检验、回归分析、统计绘图和R包制作等内容。 | |
| 510 | 1 | @aR data analysis: methods and application@zeng |
| 586 | @a | |
| 606 | 0 | @a程序语言@Acheng xu yu yan@x程序设计 |
| 690 | @aTP312R@v5 | |
| 701 | 0 | @a朱建平@Azhu jian ping@4编著 |
| 701 | 0 | @a姜叶飞@Ajiang ye fei@4编著 |
| 701 | 0 | @a方匡南@Afang kuang nan@4编著 |
| 801 | 0 | @aCN@c20150820 |
| 905 | @a河南城建学院图书馆@dTP312R@eF215@f3 | |
| R数据分析:方法与案例详解/方匡南, 朱建平, 姜叶飞编著.-北京:电子工业出版社,2015.02 |
| 383页:图;24cm |
| ISBN 978-7-121-25290-7:CNY69.00 |
| 本书是一本R语言和数据分析的入门教材, 循序渐进、深入浅出, 每个知识点尽量从实际的应用案例出发, 以问题为导向, 在解决问题中学习统计方法、R语言的基本使用以及编程技巧。本书内容涵盖R数据结构、函数与优化、抽样模拟、统计分析、假设检验、回归分析、统计绘图和R包制作等内容。 |
| ● |
| 相关链接 |
|
|
|
正题名:R数据分析
索取号:TP312R/F215
 
预约/预借
| 序号 | 登录号 | 条形码 | 馆藏地/架位号 | 状态 | 备注 |
| 1 | 1162130 | 211621306 | 自科库301/301自科库 86排2列5层/ [索取号:TP312R/F215] | 在馆 | |
| 2 | 1162131 | 211621315 | 自科二线404/301自科库 50排2列2层/ [索取号:TP312R/F215] | 在馆 | |
| 3 | 1162132 | 211621324 | 自科库301/301自科库 86排2列5层/ [索取号:TP312R/F215] | 在馆 |